000 00287nam a2200121Ia 4500
100 _aShelley/J.F
942 _cBK
654 _aproblems
245 _a700 Solved problems in Vector Mechanics for Engineers
260 _bMcGraw Hill
_aSingapore
_c1991
300 _a720
546 _aENGLISH
999 _c34996
_d34996